| 000 | 00434nam a2200145Ia 4500 | ||
|---|---|---|---|
| 008 | 220216s9999 xx 000 0 und d | ||
| 100 | _aRhind Duncan | ||
| 245 | 4 | _aThe role of controlled droplet application(CDA) in plantation agriculture- Appropriate technology for a changing market | |
| 260 |
_bPlanter _c2000 |
||
| 300 | _a117-122 | ||
| 650 | _aCDA | ||
| 650 | _aHerbicide application | ||
| 650 | _aSpinning disc | ||
| 942 | _cJS | ||
| 999 |
_c70979 _d70979 |
||